000 00538nam a2200169 i 4500
001 38831
003 ES-MaACL
005 20230906155830.0
007 t|
008 030226s1971 sp ||||1| spa d
100 1 _aCalvino, Jean.
_933828
245 1 0 _aAntología /
_cJean Calvino ; [presentación y selección M. Gutiérrez Marín].
260 _a[Barcelona] :
_bProducciones Editoriales del Nordeste,
_c[1971]
300 _a303 p., 3 lám. ;
_c19 cm.
700 1 _aGutiérrez Marín, M.
_961179
852 _aES-MaACL
_jC-50174
_bR.80785
999 _c38831
_d38831